Statistics for Kraj Vysočina - obce nad 5 tisíc obyvatel

Click here to take the quiz!

General Stats

  • This quiz has been taken 199 times
  • The average score is 10 of 17

Answer Stats

Počet obyvatelObec% Correct
49 102Jihlava
99%
21 162Žďár nad Sázavou
91%
10 445Humpolec
87%
15 652Pelhřimov
87%
35 745Třebíč
85%
22 521Havlíčkův Brod
79%
5 331Telč
70%
9 954Nové Město na Moravě
67%
11 507Velké Meziříčí
60%
7 356Moravské Budějovice
52%
9 236Chotěboř
47%
8 108Bystřice nad Pernštejnem
41%
6 502Světlá nad Sázavou
40%
5 045Velká Bíteš
40%
5 010Ledeč nad Sázavou
32%
5 736Třešť
31%
5 085Polná
30%

Score Distribution

Percentile by Number Answered

Percent of People with Each Score

Your Score History

You have not taken this quiz